header

Excellence in business communication (Record no. 253439)

MARC details
000 -LEADER
fixed length control field 00467nam a22001937a 4500
003 - CONTROL NUMBER IDENTIFIER
control field OSt
005 - DATE AND TIME OF LATEST TRANSACTION
control field 20160510123617.0
008 - FIXED-LENGTH DATA ELEMENTS--GENERAL INFORMATION
fixed length control field 160510b xxu||||| |||| 00| 0 eng d
010 ## - LIBRARY OF CONGRESS CONTROL NUMBER
LC control number 2001021273
020 ## - INTERNATIONAL STANDARD BOOK NUMBER
International Standard Book Number 0130909475
040 ## - CATALOGING SOURCE
Transcribing agency n/a
050 ## - LIBRARY OF CONGRESS CALL NUMBER
Classification number HF5718.2
Item number .U6 T45 2001
100 ## - MAIN ENTRY--PERSONAL NAME
Personal name Thill, John V.
245 ## - TITLE STATEMENT
Title Excellence in business communication
250 ## - EDITION STATEMENT
Edition statement 5th ed
260 ## - PUBLICATION, DISTRIBUTION, ETC. (IMPRINT)
Place of publication, distribution, etc USA
Name of publisher, distributor, etc prentice hall
Date of publication, distribution, etc 2001
300 ## - PHYSICAL DESCRIPTION
Extent xxxv,539p
942 ## - ADDED ENTRY ELEMENTS (KOHA)
Source of classification or shelving scheme Library of Congress Classification
Koha item type Long Loan Books
Holdings
Withdrawn status Lost status Source of classification or shelving scheme Damaged status Not for loan Collection code Home library Current library Shelving location Date acquired Total Checkouts Full call number Barcode Date last seen Date checked out Price effective from Koha item type
    Library of Congress Classification     Non-fiction Rongo University Library Rongo University Library General Stacks 10/05/2016 2 HF5718.2 .U6 T45 2001 201611627 26/02/2018 13/02/2018 10/05/2016 Long Loan Books

© 2026 Rongo University
Contact us: librarian | system librarian | Rongo university